000 00590nam a2200193 i 4500
001 141326
003 ES-MaACL
005 20250808081325.0
007 t|
008 070921s1948 sp ||||1| spa d
080 _a35(078)
100 1 _aVillar y Romero, José María.
_9115107
245 1 0 _aDerecho administrativo /
_cpor José María Villar y Romero.
260 _aMadrid :
_bInstituto Editorial Reus,
_c1948.
300 _a155 p. ;
_c23 cm.
650 7 _aDerecho administrativo-
_zEspaña
_2
_9145992
852 _aES-MaACL
_j1878-F-5
_bR.25343
999 _c141326
_d141326